Video Game Quiz - Statistics

General Stats
  • This quiz has been taken 29 times
  • The average score is 10 of 15
Answer Stats
Hint Answer % Correct
Leon Kennedy Resident Evil
91%
John Marston Red Dead Redemption
86%
Peter Parker Spider-Man
86%
Mario Super Mario Bros
86%
Master Chief Halo
77%
Arthur Morgan Red Dead Redemption 2
77%
Scorpion Mortal Kombat
73%
Joel Miller The Last Of Us
73%
Arisen Dragons Dogma
68%
Ezio Auditore Assassin's creed
64%
Jin Sakai Ghost Of Tsushima
45%
Ellie williams The Last Of Us Part 2
45%
Connor Detroit: Become Human
41%
Cloud Final Fantasy VII
32%
Cal Kestis Jedi Fallen Order/Survivor
32%
No matching quizzes found
Score Distribution
Percent of People with Each Score
Percentile by Number Answered
Your Score History
You have not taken this quiz